Governing risk : (Record no. 15856)

000 -LEADER
fixed length control field 01028nam a2200229 a 4500
001 - CONTROL NUMBER
control field ASIN023036795X
005 - DATE AND TIME OF LATEST TRANSACTION
control field 20170105102927.0
008 - FIXED-LENGTH DATA ELEMENTS--GENERAL INFORMATION
fixed length control field 131212s2012 xxu eng d
020 ## - INTERNATIONAL STANDARD BOOK NUMBER
International Standard Book Number 023036795X (paperback)
Terms of availability $38.00
020 ## - INTERNATIONAL STANDARD BOOK NUMBER
International Standard Book Number 9780230367951 (paperback)
040 ## - CATALOGING SOURCE
Original cataloging agency 0
082 ## - DEWEY DECIMAL CLASSIFICATION NUMBER
Classification number 332.152
Author Mark MOS 2012
100 1# - MAIN ENTRY--PERSONAL NAME
Personal name Moschella, Manuela.
245 10 - TITLE STATEMENT
Title Governing risk :
Remainder of title the imf and global financial crises /
Statement of responsibility, etc. Manuela Moschella.
260 ## - PUBLICATION, DISTRIBUTION, ETC.
Place of publication, distribution, etc. [S.l.] :
Name of publisher, distributor, etc. Palgrave Macmillan,
Date of publication, distribution, etc. 2012.
300 ## - PHYSICAL DESCRIPTION
Extent 232 p. ;
Dimensions 22 cm.
490 1# - SERIES STATEMENT
Series statement International political economy series.
520 ## - SUMMARY, ETC.
Summary, etc. By comparing the policies the international community requested the IMF to follow in the aftermath of the Mexican, Asian and subprime crises, the book traces the evolution of the international regulatory framework from an agent-centered constructivist perspective.
830 #0 - SERIES ADDED ENTRY--UNIFORM TITLE
Uniform title International political economy series.
856 40 - ELECTRONIC LOCATION AND ACCESS
Materials specified Amazon.com
Uniform Resource Identifier <a href="http://www.amazon.com/exec/obidos/ASIN/023036795X/chopaconline-20">http://www.amazon.com/exec/obidos/ASIN/023036795X/chopaconline-20</a>
942 ## - ADDED ENTRY ELEMENTS (KOHA)
Source of classification or shelving scheme
Koha item type Book
Holdings
Withdrawn status Lost status Damaged status Not for loan Collection code Permanent Location Current Location Shelving location Date acquired Total Checkouts Full call number Barcode Date last seen Price effective from Koha item type
          Centre for International Peace & Stability (CIPS) Centre for International Peace & Stability (CIPS) General Stacks 10/02/2013   332.152 MOS 2012 CIPS0001956 12/12/2013 12/12/2013 Book
© 2023 Central Library, National University of Sciences and Technology. All Rights Reserved.